Текст томруулах:    
What is economics? (Бичлэгийн дугаар. 146781)
000 -УДИРДЛАГА
Удирдлага 00637nam a22002417a 4500
003 - ХЯНАЛТЫН ТОО ТОДОРХОЙЛОГЧ
Код MN-UlNUM
005 - БИЧИЛТ ХИЙСЭН ОГНОО
Тухайн бичилтийг бичсэн засварласан сүүлийн огноо 20260331190619.0
008 - ЕРӨНХИЙ МЭДЭЭЛЭЛ
Ерөнхий мэдээлэл 260331s1997 caua b 001 0 eng
020 ## - ISBN
ISBN 1559348240
040 ## - БИЧЛЭГ ҮҮСГЭГЧ БАЙГУУЛЛАГА
Бичлэг үүсгэгч номын сангийн код МУИС-ийн номын сан
084 ## - ББК АНГИЛАЛ
Нэмэлт тусгалт Нэг сэдэвт бүтээл
ББК ангилал 65.01
Зохиогчийн гурван тэмдэгт E 29
Мэдлэгийн ялгаа 65 - Эдийн засаг
100 ## - ЗОХИОГЧ
Зохиогчийн нэр Eggert, Jim
245 ## - ҮНДСЭН ГАРЧИГ
Номын нэр What is economics?
250 ## - ДАХИН ХЭВЛЭЛТ
Дахин гаралтын дугаар 4th edition
260 ## - ГАРАЛТЫН МЭДЭЭ
Хэвлэгдсэн газар Mountain View, Calif
Хэвлэлийн газар Mayfield Pub
Хэвлэгдсэн он 1997
300 ## - МАТЕРИАЛЫН ТОДОРХОЙЛОЛТ
хуудасны тоо xiv, 225 p. :
Бусад тоон мэдээлэл ill. ;
Хэмжээ 23 cm
500 ## - Тайлбар
Дансны дугаар БС 4406
546 ## - ХЭЛНИЙ ТУХАЙ МЭДЭЭ
Хэл Англи хэл дээр,
653 ## - Түлхүүр үг
Түлхүүр үг economics
942 ## - ЭЛЕМЕНТИЙН ТӨРӨЛ
Зүйлийн төрөл Ном